000
00294nam a2200121Ia 4500
008
190216s9999||||xx |||||||||||||| ||und||
100
_a
William Shakespeare
245
0
_a
As You Like It
260
_b
University Of London Press
_c
1959
300
_a
174p
650
_a
English Drama
942
_c
BK
999
_c
12086
_d
12086